Widok standardowy
Widok MARC
Pozycja Corporate Name
Liczba rekordów, w których użyto hasła: 1
001 - Numer kontrolny
- control field: 40981
003 - Identyfikator numeru kontrolnego
- control field: NUKAT
005 - Data i czas ostatniej modyfikacji
- control field: 20260430105242.0
008 - Dane kontrolne kodowane (40 znaków)
- fixed length control field: 080721n||a|znnaabn |a ana |c
010 ## - Numer kontrolny Biblioteki Kongresu
- numer kontrolny LC: n 2008033013
040 ## - Instytucja sporządzająca rekord
- inst. przygot. dane do rek. khw: WA U/EBA
- język haseł przedmiotowych/tezaurus: kaba
- inst. wprow. rek. khw: WA U/EBAs
110 1# - Hasło - nazwa ciała zbiorowego
- nazwa ciała zbior. lub geogr. na pocz.: Ukraina.
- nazwa jednostki podrzędnej: Ukraïnsʹka Nacìonalʹna Rada.
- nazwa jednostki podrzędnej: Armìâ.
410 2# - Trop zob. - nazwa ciała zbiorowego
- nazwa ciała zbior. lub geogr. na pocz.: Armìâ UNR.
410 2# - Trop zob. - nazwa ciała zbiorowego
- nazwa ciała zbior. lub geogr. na pocz.: Ukraïnsʹka Nacìonalʹna Rada.
- nazwa jednostki podrzędnej: Armìâ.
410 1# - Trop zob. - nazwa ciała zbiorowego
- nazwa ciała zbior. lub geogr. na pocz.: Ukraïna.
- nazwa jednostki podrzędnej: Ukraïnsʹka Nacìonalʹna Rada.
- nazwa jednostki podrzędnej: Armìâ.
665 ## - Nota historyczna
- nota historyczna: Armìâ UNR istniała w latach 1918-1920.
670 ## - Źródło informacji
- źródło informacji: Voni borolisâ za volû Ukraïny / Volodimir Dmitruk. - Lucʹk, 2007.